[Event "Penang op-B 11th"]
[Site "Penang"]
[Date "2019.12.14"]
[Round "9"]
[White "Sulthon, Hartanto"]
[Black "Wong, Kah Meng"]
[Result "1-0"]
[WhiteElo "1848"]
[BlackElo "1251"]
[PlyCount "79"]
[EventDate "2019.12.09"]
[EventType "swiss"]
[EventRounds "9"]
[EventCountry "MAS"]
[SourceTitle "CBM 193 Extra"]
[Source "ChessBase"]
[SourceDate "2020.01.31"]
[SourceVersion "1"]
[SourceVersionDate "2020.01.31"]
[SourceQuality "1"]

1. d4 d5 2. c4 e6 3. Nf3 Nf6 4. Bg5 Be7 5. Nc3 0-0 6. e3 b6 7. cxd5 exd5 8. Bd3 Bb7 9. Bxf6 Bxf6 10. h4 Nc6 11. Bxh7+ Kxh7 12. Ng5+ Kg8 13. Qh5 Re8 14. Qxf7+ Kh8 15. Nxd5 Qxd5 16. Qxd5 Rad8 17. Nf7+ Kh7 18. Nxd8 Rxd8 19. Qh5+ Kg8 20. 0-0 Ne7 21. Rac1 c6 22. Qg4 Rd6 23. g3 Bc8 24. Qe2 Nf5 25. d5 c5 26. b4 Be5 27. bxc5 bxc5 28. Rxc5 Ba6 29. Qf3 Nxh4 30. gxh4 Rg6+ 31. Kh1 Rh6 32. Rfc1 Rxh4+ 33. Kg2 Rh2+ 34. Kg1 Bd3 35. d6 Bxd6 36. Qd5+ Kh7 37. Qxd3+ Kg8 38. Rc8+ Kf7 39. Qxd6 a6 40. R1c7# 1-0

[Event "Penang op-B 11th"]
[Site "Penang"]
[Date "2019.12.11"]
[Round "5"]
[White "Ricnesh, Ravind GN"]
[Black "Sulthon, Hartanto"]
[Result "1/2-1/2"]
[WhiteElo "1433"]
[BlackElo "1848"]
[PlyCount "62"]
[EventDate "2019.12.09"]
[EventType "swiss"]
[EventRounds "9"]
[EventCountry "MAS"]
[SourceTitle "CBM 193 Extra"]
[Source "ChessBase"]
[SourceDate "2020.01.31"]
[SourceVersion "1"]
[SourceVersionDate "2020.01.31"]
[SourceQuality "1"]

1. d4 Nf6 2. Nf3 g6 3. Bf4 Bg7 4. e3 d6 5. Bd3 0-0 6. 0-0 Nh5 7. Bg5 Nc6 8. c3 Qe8 9. e4 h6 10. Be3 e5 11. dxe5 Nxe5 12. Nxe5 Qxe5 13. f4 Qe7 14. Nd2 Nf6 15. Qf3 d5 16. Rae1 dxe4 17. Nxe4 Nxe4 18. Bxe4 c6 19. Bc2 Be6 20. f5 gxf5 21. Qh5 Qf6 22. Bxf5 Bxf5 23. Rxf5 Qg6 24. Ref1 Qxh5 25. Rxh5 Rfe8 26. Bxh6 Bxh6 27. Rxh6 Re2 28. Rhf6 Rd8 29. R6f2 Rxf2 30. Rxf2 Rd1+ 31. Rf1 Rd2 1/2-1/2